| 000 | 00498nam a2200157 a 4500 | ||
|---|---|---|---|
| 001 | 000036881 | ||
| 005 | 20200930080009.0 | ||
| 008 | 120203s1987 xxuo 000 0 spa d | ||
| 040 |
_aDO-SdBNP _bspa _cBNPHU |
||
| 245 | 0 | 0 |
_aSnoring and obstructive sleep apnea / _cDavid N. F. Fairbancks ...[et al.]. |
| 260 |
_aNew York : _bRaven Press , _c1987. |
||
| 300 |
_a268 p. : _bil. ; _c23 cm. |
||
| 700 | 1 |
_aFujita, Shiro _963253 |
|
| 700 | 1 |
_aIkematsu, Takenosuke _963254 |
|
| 700 | 1 |
_aSimmons, F. Blair _963255 |
|
| 999 |
_c36372 _d36372 |
||